Changing landscapes : the development of the International Tropical Timber Organization and its influence on tropical forest management

Bibliographic Details
Main Author: POORE
Format: Book
Published: London; Sterling, VA : Earthscan Pub. , 2003
Subjects:

MARC

LEADER 00000cam a2200000 7i4500
001 0000002423
005 20030611.0
020 0 0 |a 1853839906 
090 0 0 |a 634.90913   |b POO 2003 
100 1 0 |a POORE   |h Duncan 
245 1 0 |a Changing landscapes :   |b the development of the International Tropical Timber Organization and its influence on tropical forest management   |c Duncan Poore 
260 0 0 |a London; Sterling, VA :   |b Earthscan Pub. ,   |c 2003 
300 |a xvii, 290 p. :   |b ill. ;   |c 24 cm. 
500 0 0 |a Includes bibliographies : p. 276-280 and index 
610 1 0 |a International Tropical Timber Organization 
650 0 0 |a Forest management   |z Tropics 
650 0 0 |a Sustainable forestry   |z Tropics 
998 |a JPSM 
999 |a 0000004456   |b Monograph   |c Open Shelf   |e Default branch